Welcome to CU Library Online Public Access Catalogue (OPAC)

State and Local Politics (Record no. 9421)

MARC details
000 -LEADER
fixed length control field 00497nam a22001577a 4500
005 - DATE AND TIME OF LATEST TRANSACTION
control field 20260422114036.0
008 - FIXED-LENGTH DATA ELEMENTS--GENERAL INFORMATION
fixed length control field 260422b |||||||| |||| 00| 0 eng d
020 ## - INTERNATIONAL STANDARD BOOK NUMBER
International Standard Book Number 0131992317
050 ## - LIBRARY OF CONGRESS CALL NUMBER
Classification number JK2408
Item number .S79
245 ## - TITLE STATEMENT
Title State and Local Politics
Remainder of title Government by the people
Statement of responsibility, etc. David B. Magleby et al.,
250 ## - EDITION STATEMENT
Edition statement 12th ed.
260 ## - PUBLICATION, DISTRIBUTION, ETC.
Place of publication, distribution, etc. Upper Saddle River, New Jersey
Name of publisher, distributor, etc. Pearson Prentice Hall
Date of publication, distribution, etc. 2007
300 ## - PHYSICAL DESCRIPTION
Extent ix. 239p.
Other physical details ill.
Dimensions 23.5cm
700 ## - ADDED ENTRY--PERSONAL NAME
Personal name Magleby, David B.
942 ## - ADDED ENTRY ELEMENTS (KOHA)
Source of classification or shelving scheme Library of Congress Classification
Koha item type Books
Edition 12th ed.
Suppress in OPAC No
999 ## -
-- 9421
-- 9421
Holdings
Withdrawn status Lost status Source of classification or shelving scheme Damaged status Not for loan Collection Home library Current library Shelving location Date acquired Total checkouts Full call number Barcode Date last seen Copy number Price effective from Koha item type
    Library of Congress Classification     Non-fiction Business Library (Miotso) Business Library (Miotso) General stacks 04/22/2026   JK2408 .S79 STA BSSM00003515 04/22/2026 1 04/22/2026 Books
© 2023-2024 Copyright: Central University Libraries. All Rights Reserved | Created by: Mahone Tech Office